My lost city : personal essays, 1920-1940 /

Bibliographic Details
Main Author: Fitzgerald, F. Scott (Francis Scott), 1896-1940
Other Authors: West, James L. W., III
Format: Book
Language:English
Published: Cambridge ; New York : Cambridge University Press, 2005.
Series:Fitzgerald, F. Scott (Francis Scott), 1896-1940. Works. 1991.
Online Access:Table of contents

MARC

Tag First Indicator Second Indicator Subfields
LEADER 00000cam a2200000 a 4500
001 in00002097713
005 20210403063041.0
008 050201s2005 enka b 001 0 eng
010 |a  2005002870 
015 |a GBA554497  |2 bnb 
016 7 |a 013240068  |2 Uk 
020 |a 0521402395 
024 3 |a 9780521402392 
035 |a (OCoLC)ocm57579211 
040 |a DLC  |c DLC  |d UKM  |d BAKER  |d BWKUK  |d UtOrBLW 
049 |a TXAM 
050 0 0 |a PS3511.I9  |b A6 2005 
082 0 0 |a 814/.52  |2 22 
100 1 |a Fitzgerald, F. Scott  |q (Francis Scott),  |d 1896-1940. 
245 1 0 |a My lost city :  |b personal essays, 1920-1940 /  |c F. Scott Fitzgerald ; edited by James L. W. West III. 
264 1 |a Cambridge ;  |a New York :  |b Cambridge University Press,  |c 2005. 
300 |a xxv, 340 pages :  |b illustrations ;  |c 23 cm. 
336 |a text  |b txt  |2 rdacontent 
337 |a unmediated  |b n  |2 rdamedia 
338 |a volume  |b nc  |2 rdacarrier 
490 0 |a Cambridge edition of the works of F. Scott Fitzgerald 
504 |a Includes bibliographical references and index. 
700 1 |a West, James L. W.,  |c III. 
800 1 |a Fitzgerald, F. Scott  |q (Francis Scott),  |d 1896-1940.  |t Works.  |f 1991. 
856 4 1 |3 Table of contents  |u http://www.loc.gov/catdir/toc/ecip057/2005002870.html  |t 0 
938 |a Baker & Taylor  |b BKTY  |c 90.00  |n 0003945684  |s active 
945 |i PromptCat 
947 |a A14833167498 
948 |a cataloged  |b h  |c 2006/1/4  |d c  |e rdavis  |f 9:24:40 am 
994 |a 92  |b TXA 
999 |a MARS 
999 f f |s e279b2bc-4b17-36da-91bb-71838ba5c7e3  |i 4797262d-4d6b-3ce7-9653-19937a620c7a  |t 0 
952 f f |p ric  |a Texas A&M University  |b Rellis Campus  |c Joint Library Facility  |d Remote Storage  |t 0  |e PS3511.I9 A6 2005  |h Library of Congress classification  |i unmediated -- volume  |m A14833167498 
998 f f |a PS3511.I9 A6 2005  |t 0  |l Remote Storage